000 00757cam a22002651 4500
001 agr51000508
003 DLC
005 20260227111015.0
008 761110s1951 xx 000 0 eng
010 _aagr51000508
015 _aGB51-4604
035 _a(OCoLC)2551705
040 _aDLC
_cO
_dOCoLC
_dUk
_dDLC
042 _apremarc
050 0 0 _aSF487
_b.J8 1951
082 _a636.5
100 1 _aJull, M. A.
_q(Morley Allan),
_d1885-
245 1 0 _aPoultry husbandry.
250 _a3d ed.
260 _aNew York,
_bMcGraw-Hill,
_c1951.
300 _avii, 526 p.
_billus., maps.
_c24 cm.
440 0 _aMcGraw-Hill publications in the agricultural sciences
504 _a"Selected literature references" at end of each chapter.
650 0 _aPoultry.
999 _c11366
_d11366